| 000 | 00985nam a2200301 i 4500 | ||
|---|---|---|---|
| 001 | 000032482 | ||
| 003 | DO-SdBNP | ||
| 005 | 20250704100857.0 | ||
| 007 | ta | ||
| 008 | 110718t1971 dr 001 p spa d | ||
| 040 |
_aDO-SdBNP _bspa _cBNPHU _erda |
||
| 041 | _aspa | ||
| 082 | 4 |
_aRD861.44 _bL864pe _222 |
|
| 100 | 1 |
_aLokward Artiles, Antonio, _d1943- _eautor _4aut. _958430 |
|
| 245 | 1 | 4 |
_aLos poemas del ferrocarril central / _cAntonio Lokward Artiles. |
| 260 | _c1971. | ||
| 264 | 1 |
_aSanto Domingo, República Dominicana : _b[Editora no identificada.], _c1971 |
|
| 300 |
_a29 páginas ; _c22 cm. |
||
| 336 |
_atexto _btxt _2rdacontent |
||
| 337 |
_asin mediación _bn _2rdamedia |
||
| 338 |
_avolumen _2rdacarrier _bnc |
||
| 500 | _aIncluye datos biográficos del autor en la contracubierta. | ||
| 590 | _aInventariado, 2018/LP | ||
| 650 | 0 |
_aPoesía dominicana _966 |
|
| 650 | 0 |
_aLiteratura dominicana. _967 |
|
| 910 | _aValidado. Control de calidad EMS. | ||
| 942 |
_2ddc _cLF2 |
||
| 999 |
_c31973 _d31973 |
||